00425cam a2200181 4500001000800000005001700008008004100025010001700066020001500083040001800098041000800116080001100124082001400135100000600149101000800155245005000163504003000213318165120180302072558.0710802s1971 pauab b 001 0 eng  a 76081826  a0721669417 aDLCcDLCdDLC aeng a574.5 00a574.5 ODU1 a9 aMJE10aFundamentals of ecologyc[by] Eugene P. Odum. aBibliography: p. 517-555.